Cuentos que encantan /

Guardado en:
Autor Principal: Roggio, Patricia; adap.
Otros Autores: Assanelli, Victoria; il.
Formato: Libro
Publicado: Buenos Aires : Letra Impresa, 2009.
Series:La Puerta Secreta ; 11
Materias:
Etiquetas: Agregar Etiqueta
Sin Etiquetas, Sea el primero en etiquetar este registro!
LEADER 01179nam a22002535a 4500
001 CEM.cems019711
008 221012s2009####ag############000#0#####d
005 20221012101505.0
245 1 0 |a Cuentos que encantan /  |c adaptado por Patricia Roggio ; ilustrado por Victoria Assanelli. 
260 |a Buenos Aires :  |b Letra Impresa,  |c 2009. 
300 |a 104 p. 
490 0 |a La Puerta Secreta ;  |v 11 
505 0 |a La puerta secreta -- La llave maestra -- Cuentos que encantan -- El príncipe sapo -- El intrépido soldadito de plomo -- La fórmula mágica -- El huso, la aguja de tejer y la aguja de coser -- Los tres deseos -- Los tres pelos del diablo -- Los piojitos de la Princesa -- Los secretos de Cuentos que encantan -- Nuevas puertas para abrir 
020 |a 979871565054 
100 1 |a Roggio, Patricia; adap. 
700 1 |a Assanelli, Victoria; il. 
082 0 4 |a 808.8 
653 |a Literatura infantil 
653 |a Literatura juvenil 
653 |a Literatura Universal 
653 |a Cuentos 
653 |a Cuentos Clásicos 
859 |a CEMS  |b BIB. CEMS - Inicial y Primaria  |h 808.8  |i R126-2  |k IP  |p 2438  |t Ej.1 
859 |a CEMS  |b BIB. CEMS - Inicial y Primaria  |h 808.8  |i R126-2  |k IP  |p 3797  |t Ej.2